[Event "17th Open"]
[Site "Pula CRO"]
[Date "2003.06.03"]
[Round "4"]
[White "Lekic,D"]
[Black "Rukavina,J"]
[Result "0-1"]
[WhiteElo "2430"]
[BlackElo "2385"]

1.e4 d6 2.d4 g6 3.Nc3 Bg7 4.f4 Nf6 5.Nf3 c5 6.Bb5+ Bd7 7.e5 Ng4 8.e6 Bxb5
9.exf7+ Kd7 10.Nxb5 Qa5+ 11.Nc3 cxd4 12.Nxd4 Bxd4 13.Qxd4 Nc6 14.Qd1 h5 15.h3 Nh6
16.Be3 Nf5 17.Bf2 Raf8 18.O-O Rxf7 19.a3 Ng7 20.b4 Qf5 21.b5 Na5 22.Bxa7 Ne6
23.Nd5 Nc4 24.Qd3 Rc8 25.Rae1 Nc7 26.Ne3 Qxd3 27.cxd3 Nxa3 28.b6 Ne6 29.f5 gxf5
30.Rxf5 Rxf5 31.Nxf5 Nb5 32.Re4 Rc5 33.g4 hxg4 34.hxg4 Rd5 35.Re3 Nbd4 36.Nxd4 Rxd4
37.Rg3 Nf4 38.Kf2 Rxd3 39.Rxd3 Nxd3+ 40.Kg3 e5 41.Bb8 Nf4 42.Kf3 Ke6 43.Bc7 d5
44.Bd8 Nd3 45.Bc7 Nc5 46.Bd8 d4 47.Bh4 Na4 48.g5 Kf5 49.g6 e4+  0-1

[Event "Golden Cleopatra"]
[Site "Cairo EGY"]
[Date "2003.06.04"]
[Round "4"]
[White "Fekri,W"]
[Black "Hamed,Ah"]
[Result "0-1"]
[WhiteElo "2125"]
[BlackElo "2286"]

1.Nc3 g6 2.d4 Bg7 3.e4 d6 4.Bg5 c6 5.f4 Qb6 6.Nge2 Qxb2 7.Rb1 Qa3 8.Rb3 Qa5
9.Qb1 Nd7 10.Kf2 Ngf6 11.Bxf6 Nxf6 12.Rxb7 Bxb7 13.Qxb7 O-O 14.e5 Nd5 15.Nxd5 Qxd5
16.Qxe7 dxe5 17.dxe5 Qxa2 18.Nd4 Rfd8 19.Qc5 Bf8 20.Qc3 Qd5 21.Nb3 Qe4 22.Kg3 Bb4
23.Qc4 Qe3+ 24.Kg4 h5+ 25.Kg5 Be7+ 26.Kh6 Bf8+  0-1

[Event "Master Open"]
[Site "Ploiesti ROM"]
[Date "2003.06.04"]
[Round "6"]
[White "Miron,L"]
[Black "Pogorevici,L"]
[Result "1-0"]
[WhiteElo "2167"]
[BlackElo "2097"]

1.e4 d6 2.d4 g6 3.Nc3 Bg7 4.f4 e6 5.Nf3 Ne7 6.Bd3 b6 7.O-O Ba6 8.f5 Bxd3
9.Qxd3 gxf5 10.exf5 Nxf5 11.g4 Nh4 12.Ng5 Rf8 13.Nxh7 Ng6 14.Nxf8 Nxf8 15.Qf3 Bxd4+
16.Kh1 Qf6 17.Qxf6 Bxf6 18.Rxf6 Nbd7 19.Rf1 Ke7 20.Ne4 e5 21.Bg5+ Ke8 22.Bh4 Ng6
23.Ng5  1-0

[Event "17th Open"]
[Site "Pula CRO"]
[Date "2003.06.04"]
[Round "5"]
[White "Stanojoski,Z"]
[Black "Loncar,R"]
[Result "1/2-1/2"]
[WhiteElo "2497"]
[BlackElo "2417"]

1.e4 g6 2.d4 Bg7 3.Nc3 d6 4.f4 Nd7 5.Nf3 c5 6.d5 Ngf6 7.Bd3 O-O 8.O-O a6
9.a4 Ne8 10.Ne2 Rb8 11.c4 Nc7 12.Nc3 e6 13.Kh1 exd5 14.exd5 f5 15.Bd2 Nf6
16.Qc2 h6 17.Rae1 Bd7 18.Nd1 b5 19.b3 b4 20.Bc1 Re8 21.Ne3 h5 22.Bb2 Nh7
23.Bxg7 Kxg7 24.Qf2 Qf6 25.Qg3 Kh8 26.Nd1 Rxe1 27.Rxe1 Re8 28.Ne5 dxe5 29.fxe5 h4
30.Qe3 f4 31.Qe4 Qf5 32.Qxf5 Bxf5 33.Bxf5 gxf5 34.Nf2 Ng5 35.Nd3 f3 36.gxf3 Nxf3
37.Re3 Nd4 38.Nxc5 Rg8 39.e6 f4 40.Re5 Rg6 41.d6 Ncxe6 42.Nxe6 Nf3 43.Re1 Nxe1
44.d7 Rg8 45.d8=Q Rxd8 46.Nxd8 Nd3 47.Kg2 Kg7 48.Kf3 Kf6 49.Nc6 Kf5 50.Nd4+ Ke5
51.Nc6+ Kd6 52.Nd4 Ke5 53.Nc6+ Kd6 54.Nxb4 Nxb4 55.Kxf4 a5 56.Kg4 Ke5 57.Kxh4 Kf4
58.c5 Nc6 59.Kh5 Kf5 60.h4 Ne5 61.Kh6 Kf6 62.Kh7 Kf7  1/2-1/2

[Event "CCA Vermont Open"]
[Site "Stratton Mountain USA"]
[Date "2003.06.06"]
[Round "5"]
[White "Shabalov,A"]
[Black "Burnett,R"]
[Result "1/2-1/2"]
[WhiteElo "2592"]
[BlackElo "2442"]

1.e4 g6 2.d4 Bg7 3.Nc3 d6 4.Bg5 a6 5.Qd2 b5 6.f4 Nd7 7.Nf3 c5 8.dxc5 Nxc5
9.e5 Bb7 10.O-O-O f6 11.Bh4 dxe5 12.Qf2 Qc7 13.fxe5 f5 14.Bg3 Nh6 15.Nxb5 axb5
16.Bxb5+ Kf8 17.Ng5 Rc8 18.b4 Nf7 19.Qxc5 Nxg5 20.Qxc7 Rxc7 21.Rd8+ Kf7 22.Rxh8 Bxh8
23.e6+ Nxe6 24.Bxc7 Nxc7 25.Bc4+ Ke8 26.Rd1 Bxg2 27.b5 Na8 28.Be6 Bc3 29.Rd3 Bb4
30.Rd4 Bd6 31.a4 f4 32.a5 Nc7 33.Bc4 Bc5 34.Rd1 Bb4 35.b6 Bxa5 36.bxc7 Bxc7
37.Bd5  1/2-1/2

[Event "FSFMA June"]
[Site "Budapest HUN"]
[Date "2003.06.07"]
[Round "1"]
[White "Resika,N"]
[Black "Szirmai,Ed"]
[Result "0-1"]
[WhiteElo "2185"]
[BlackElo "2148"]

1.e4 g6 2.d4 Bg7 3.Nc3 d6 4.Be3 c6 5.Qd2 b5 6.f3 Nd7 7.Nh3 Nb6 8.Nf2 a5 9.Bd3 Ba6
10.O-O Qc8 11.a3 Nc4 12.Bxc4 bxc4 13.Rfe1 Qc7 14.Rab1 Rd8 15.f4 d5 16.f5 Bc8
17.exd5 cxd5 18.Nb5 Qb6 19.a4 Bxf5 20.Bf4 Rd7 21.b3 Qd8 22.b4 Nf6 23.bxa5 O-O
24.a6 Qc8 25.a7 Qa6 26.Bb8 Ne4 27.Nxe4 dxe4 28.Qb4 Rc8 29.c3 e3 30.Rb2 Bh6
31.Rbe2 Be4 32.Rxe3 Bxe3+ 33.Rxe3 Ba8 34.Re2 Qc6 35.h3 Qd5 36.Qb2 Rb7 37.Re5 Qd7
38.Qe2 f6 39.Re3 Kf7 40.Rxe7+ Qxe7 41.Nd6+ Qxd6 42.Bxd6 Rxa7 43.Qg4 Rd8 44.Bc5 Rxa4
45.Qh4 Ra1+ 46.Kh2 h5 47.Qf4 Rd7 48.Qf2 Kg7 49.h4 Bd5 50.Qb2 Re1 51.Qb8 Re2
52.Qf8+ Kh7 53.Qxf6 Rf7 54.Qd6 Rxg2+ 55.Kh3 Ba8 56.d5 Rd2 57.Qg3 Bxd5 58.Be3 Be6+  0-1

[Event "IHEM"]
[Site "Hamburg GER"]
[Date "2003.06.07"]
[Round "1"]
[White "Lanka,Z"]
[Black "Engelbert,C"]
[Result "1-0"]
[WhiteElo "2488"]
[BlackElo "2235"]

1.e4 g6 2.d4 Bg7 3.Nc3 d6 4.f4 Nc6 5.Be3 Nf6 6.Be2 O-O 7.Nf3 e6 8.h3 b6 9.O-O Ne7
10.Nd2 Bb7 11.Bf3 c5 12.dxc5 bxc5 13.Qe2 Qc8 14.Qf2 Rd8 15.Rfd1 Rb8 16.Nc4 Ne8
17.Nb5 Ba6 18.Ncxd6 Nxd6 19.Nxd6 Qc7 20.e5 Rxb2 21.Bxc5 f6 22.exf6 Bxf6 23.Qe3 Rxc2
24.Qxe6+ Kg7 25.Qf7+ Kh6 26.Qxf6 Rxc5 27.Nf7+  1-0

[Event "IV Open"]
[Site "Lido Estensi ITA"]
[Date "2003.06.07"]
[Round "2"]
[White "Valenti,G"]
[Black "Vassallo,M"]
[Result "0-1"]
[WhiteElo "2226"]
[BlackElo "2440"]

1.e4 g6 2.d4 Bg7 3.Nc3 d6 4.Be3 a6 5.Qd2 Nd7 6.O-O-O b5 7.f3 Bb7 8.h4 h5
9.Nh3 Rc8 10.Ng5 c5 11.Kb1 cxd4 12.Bxd4 Ngf6 13.f4 Qc7 14.a3 e5 15.Bg1 O-O
16.Qxd6 exf4 17.Bh2 Qxd6 18.Rxd6 Nc5 19.Bxf4 Nfxe4 20.Ncxe4 Nxe4 21.Nxe4 Bxe4
22.Rd2 Rxc2  0-1

[Event "IV Open"]
[Site "Lido Estensi ITA"]
[Date "2003.06.10"]
[Round "4"]
[White "Aldrovandi,A"]
[Black "Vassallo,M"]
[Result "1/2-1/2"]
[WhiteElo "2220"]
[BlackElo "2440"]

1.e4 g6 2.d4 Bg7 3.Nc3 d6 4.Nf3 Nf6 5.Be2 O-O 6.O-O c6 7.a4 Nbd7 8.h3 Qc7
9.Be3 b6 10.Qd2 Bb7 11.Bh6 e5 12.Bxg7 Kxg7 13.dxe5 dxe5 14.Bc4 h6 15.Qe3 Rad8
16.Ne2 Nc5 17.Ng3 a5 18.b3 Bc8 19.Rad1 Rfe8 20.Rfe1 Ne6 21.Bxe6 Bxe6 22.Qc3 Rxd1
23.Rxd1 Nd7 24.Nh4 Kh7 25.Nhf5 Nc5 26.Ne3 f6 27.Qd2 Nb7 28.Qc3 Re7 29.Nc4 Kg7
30.Nf1 b5 31.Nb2 Rd7 32.Rd3 Rxd3 33.Nxd3 b4 34.Nc5 Bf7 35.Qe3 Nd8 36.Qd3 h5
37.Ne3 Qe7 38.Nd7 Ne6 39.Kf1 Nd4 40.Nb6 Qc5 41.Nbc4 Be6 42.Kg1 Kf7  1/2-1/2

[Event "5th ZNG111 GM"]
[Site "Opatija CRO"]
[Date "2003.06.10"]
[Round "4"]
[White "Mohr,G"]
[Black "Chatalbashev,B"]
[Result "1-0"]
[WhiteElo "2479"]
[BlackElo "2525"]

1.e4 g6 2.d4 Bg7 3.Nc3 d6 4.g3 Nf6 5.Bg2 O-O 6.Nge2 e5 7.h3 a6 8.a4 exd4
9.Nxd4 b6 10.O-O Bb7 11.Re1 Re8 12.Nb3 Nbd7 13.e5 Bxg2 14.exf6 Rxe1+ 15.Qxe1 Bb7
16.fxg7 Ne5 17.Nd2 Qd7 18.Qf1 Re8 19.Ra3 d5 20.f4 Nc4 21.Nxc4 dxc4 22.Ne2 Qd5
23.Kf2 Qf5 24.Re3 Rd8 25.Rc3 b5 26.axb5 axb5 27.b4 c5 28.bxc5 Qxc5+ 29.Be3 Qc6
30.Bd4 b4 31.Re3 c3 32.g4 Ba6 33.g5 b3 34.cxb3 c2 35.Bb2 Bb7 36.Nd4 c1=Q
37.Qxc1 Qg2+ 38.Ke1 Qg1+ 39.Kd2 Qf2+ 40.Kc3 Kxg7 41.Ne2 Kg8 42.Kb4 Bd5 43.Qc7  1-0

[Event "FSGM June"]
[Site "Budapest HUN"]
[Date "2003.06.11"]
[Round "5"]
[White "Turov,M"]
[Black "Lorscheid,G"]
[Result "1-0"]
[WhiteElo "2531"]
[BlackElo "2315"]

1.e4 d6 2.d4 g6 3.Nc3 Bg7 4.Be3 c6 5.h4 Nf6 6.f3 b5 7.g4 h5 8.g5 Nfd7 9.Nce2 Bb7
10.Ng3 c5 11.c3 a6 12.N1e2 cxd4 13.cxd4 Nc6 14.Bh3 Nb6 15.b3 d5 16.e5 e6
17.Nf4 Bc8 18.O-O Ne7 19.Rc1 Bd7 20.Nd3 Qb8 21.Rf2 Qa7 22.Rfc2 Rc8 23.Nc5 O-O
24.Bf1 Rfd8 25.Qe1 Nc6 26.f4 Be8 27.Bh3 Bd7 28.Qf1 Ne7 29.Qf2 Rc6 30.Bd2 Rdc8
31.Bf1 Be8 32.Ba5 Bf8 33.Bd3 Nd7 34.a4 Rb8 35.axb5 axb5 36.Bb4 Nxc5 37.Bxc5 Qb7
38.Ne2 b4 39.Qe1 Nc8 40.f5 exf5 41.Nf4 Nb6 42.Bxf8 Kxf8 43.Qxb4+ Kg8 44.Rxc6 Bxc6
45.Qd6 Rc8 46.Nxg6 fxg6 47.Qxg6+  1-0

[Event "IHEM"]
[Site "Hamburg GER"]
[Date "2003.06.11"]
[Round "5"]
[White "Hector,J"]
[Black "Vokac,M"]
[Result "1-0"]
[WhiteElo "2553"]
[BlackElo "2484"]

1.e4 g6 2.d4 Bg7 3.Nc3 d6 4.f4 a6 5.Nf3 b5 6.Bd3 Bb7 7.e5 Nd7 8.Ng5 e6 9.Nce4 Nh6
10.c3 Qe7 11.a4 b4 12.O-O Rb8 13.a5 O-O 14.Qe2 Bxe4 15.Nxe4 d5 16.Nf2 c5
17.c4 dxc4 18.Bxc4 Nf5 19.d5 Nd4 20.Qd3 exd5 21.Bxd5 Rbd8 22.Bc4 g5 23.Ng4 h5
24.Nf6+ Nxf6 25.exf6 Qxf6 26.fxg5 Qe7 27.g6 Kh8 28.gxf7 Qh4 29.Qg6 Qg4 30.Qxg4 hxg4
31.Bg5 Rd7 32.Rae1 Nc6 33.Be6 Ra7 34.Bd5 Ne5 35.Rf5 Ng6 36.Re4 Bxb2 37.Rxg4 Bd4+
38.Rxd4  1-0

[Event "IEWCC"]
[Site "Istanbul TUR"]
[Date "2003.06.11"]
[Round "8"]
[White "Kadziolka,B"]
[Black "Agababean,N"]
[Result "1-0"]
[WhiteElo "2206"]
[BlackElo "2319"]

1.e4 d6 2.d4 g6 3.Nc3 Bg7 4.f4 c6 5.Nf3 b5 6.Bd3 a6 7.Be3 Nd7 8.e5 d5 9.f5 gxf5
10.Ng5 Nf8 11.Qh5 Ng6 12.g4 Nh6 13.e6 f4 14.Nxf7 Nxf7 15.exf7+ Kf8 16.Bf2 Qd6
17.O-O-O a5 18.Rhe1 a4 19.Ne2 b4 20.Kb1 Be6 21.Bxg6 hxg6 22.Qxg6 Rh6 23.Qg5 Bxf7
24.Nxf4 b3 25.Bg3 bxc2+ 26.Kxc2 Qb4 27.Nd3 Qc4+ 28.Kd2 Rf6 29.Qe3 Ra7 30.Be5 Re6
31.Rf1 Kg8 32.Rc1 Qxa2 33.Qf4 Bg6 34.Bxg7 Kxg7 35.Qf8+ Kh7 36.Rf7+ Bxf7 37.Qxf7+ Kh8
38.Qxe6 a3 39.Qh6+ Kg8 40.Rf1 Ra8 41.Qg6+  1-0

[Event "IEWCC"]
[Site "Istanbul TUR"]
[Date "2003.06.11"]
[Round "8"]
[White "Llaneza Vega,P"]
[Black "Cedikova,K"]
[Result "1-0"]
[WhiteElo "2294"]
[BlackElo "2181"]

1.e4 g6 2.d4 Bg7 3.Nc3 d6 4.f4 Nf6 5.Nf3 O-O 6.Bd3 Nc6 7.d5 Nb4 8.O-O Nxd3
9.cxd3 c6 10.dxc6 bxc6 11.Kh1 Rb8 12.f5 Qa5 13.Qe1 gxf5 14.Nd4 fxe4 15.Nxc6 Qh5
16.Nxb8 Bb7 17.dxe4 Ng4 18.Qg3 e6 19.Nd7 Rd8 20.h3 f5 21.Qxd6 Bxc3 22.bxc3 Bxe4
23.Nf6+ Nxf6 24.Qxd8+ Kf7 25.Qc7+ Ke8 26.Qg3 Qe2 27.Ba3 Kf7 28.Rae1 Qxa2
29.Rxe4 Nxe4 30.Qc7+ Kg6 31.Bf8 f4 32.Qxf4  1-0

[Event "IV Open"]
[Site "Lido Estensi ITA"]
[Date "2003.06.12"]
[Round "6"]
[White "Franchini,G"]
[Black "Wohl,A"]
[Result "0-1"]
[WhiteElo "2178"]
[BlackElo "2401"]

1.e4 g6 2.d4 Bg7 3.Nc3 d6 4.Be3 a6 5.h4 Nf6 6.f3 b5 7.Qd2 h5 8.Nh3 Bxh3 9.Rxh3 Nbd7
10.a4 c6 11.Rd1 Qa5 12.axb5 axb5 13.Bd3 O-O 14.Bh6 Qb4 15.Bxg7 Kxg7 16.Ne2 Qxb2
17.Qg5 Ra1 18.Rxa1 Qxa1+ 19.Kf2 e5 20.g4 Rh8 21.Ng3 hxg4 22.fxg4 Qxd4+ 23.Kg2 Kf8
24.h5 Rg8 25.h6 Qb6 26.h7 Rh8 27.Qh6+ Ke7 28.Qg7 Qd8 29.g5 Qf8 30.gxf6+ Nxf6
31.Qxf8+ Kxf8 32.c4 bxc4 33.Bxc4 Kg7 34.Rh1 Nxh7 35.Kf2 Rd8 36.Ke3 Nf6 37.Bb3 Rh8
38.Bc4 d5 39.Ba2 Ra8 40.Bb1 Ra3+ 41.Kf2 Rc3 42.Re1 d4 43.Re2 c5 44.Rd2 c4
45.Nf1 Rc1 46.Bc2 d3 47.Bxd3 cxd3 48.Rxd3 Nxe4+  0-1

[Event "IEWCC"]
[Site "Istanbul TUR"]
[Date "2003.06.13"]
[Round "10"]
[White "Bojkovic,N"]
[Black "Klinova,M"]
[Result "1-0"]
[WhiteElo "2416"]
[BlackElo "2368"]

1.d4 d6 2.e4 g6 3.Nc3 Bg7 4.Be3 Nf6 5.h3 a6 6.g3 O-O 7.Bg2 e5 8.Nf3 Nc6 9.a4 Bd7
10.O-O Re8 11.Re1 a5 12.Kh2 exd4 13.Nxd4 Nxd4 14.Bxd4 Bc6 15.Qd2 Re7 16.b3 Qe8
17.Rad1 b6 18.Nd5 Bxd5 19.exd5 Nh5 20.Be3 Nf6 21.Bd4 Nh5  1-0

[Event "Master Open"]
[Site "Voronezh RUS"]
[Date "2003.06.13"]
[Round "2"]
[White "Lukjanenko,A"]
[Black "Magomedov,I"]
[Result "1-0"]
[WhiteElo "2422"]
[BlackElo "2200"]

1.e4 d6 2.d4 g6 3.Nc3 Bg7 4.Be3 Nf6 5.f3 Nbd7 6.Qd2 h6 7.O-O-O Nb6 8.h3 c6
9.f4 Be6 10.b3 Qc7 11.g4 O-O-O 12.Nf3 Nxe4 13.Nxe4 Bd5 14.Qd3 e5 15.c4 Bxe4
16.Qxe4 d5 17.Qc2 exf4 18.Bf2 dxc4 19.bxc4 Qe7 20.Bd3 Rhe8 21.Qb3 Qc7 22.Rhe1 Kb8
23.Rxe8 Rxe8 24.Qb4 Bf8 25.Qa5 Qd6 26.Re1 Rc8 27.Qe5 Nd7 28.Qxd6+ Bxd6 29.c5 Bf8
30.Bc4 f6 31.Bd3 g5 32.Bf5 Kc7 33.Nd2 b6 34.Ne4 bxc5 35.Nxc5 Nxc5 36.dxc5 Rd8
37.Re6 Rd5 38.Be4 Re5 39.Rxc6+ Kd7 40.Bf3 Be7 41.Kd2 f5 42.gxf5 h5 43.Ra6 g4
44.c6+ Kd8 45.hxg4 hxg4 46.Bxg4 f3 47.c7+ Kxc7 48.Bg3 Kb7 49.Bxf3+  1-0

[Event "FSFMA June"]
[Site "Budapest HUN"]
[Date "2003.06.14"]
[Round "8"]
[White "Pg,MOAHira"]
[Black "Resika,N"]
[Result "1/2-1/2"]
[WhiteElo "2200"]
[BlackElo "2185"]

1.e4 g6 2.d4 d6 3.Nc3 Bg7 4.f4 a6 5.Nf3 b5 6.Bd3 Nd7 7.O-O c5 8.dxc5 Nxc5
9.f5 Bb7 10.fxg6 hxg6 11.Be3 Nf6 12.Ng5 Rc8 13.a4 b4 14.Nd5 Qa5 15.Bc4 Bxd5
16.Bxd5 e6 17.Bf4 Ncd7 18.Nxe6 fxe6 19.Bxe6 Rf8 20.e5 dxe5 21.Qd3 Ke7 22.Bxd7 Nxd7
23.Qxg6 Bf6 24.Be3  1/2-1/2

[Event "IEWCC"]
[Site "Istanbul TUR"]
[Date "2003.06.14"]
[Round "11"]
[White "Agababean,N"]
[Black "Hagesaether,E"]
[Result "1/2-1/2"]
[WhiteElo "2319"]
[BlackElo "2166"]

1.d4 g6 2.e4 Bg7 3.Nc3 d6 4.g3 Nf6 5.Bg2 O-O 6.Nge2 e5 7.O-O Nc6 8.d5 Ne7
9.f4 Ne8 10.fxe5 dxe5 11.Be3 Nd6 12.b3 f5 13.Qd2 fxe4 14.Rxf8+ Qxf8 15.Rf1 Qe8
16.Nxe4 Nxe4 17.Bxe4 Bh3 18.Bg2 Bxg2 19.Kxg2 c6 20.d6 Nf5 21.c4 Qe6 22.Rd1 Rd8
23.d7 Nd4 24.Nxd4 exd4 25.Bg5 Rxd7 26.Re1 Qf7 27.Rf1 Qe8 28.Re1 Qf8 29.Qd3 Rf7
30.Re2 Qc8 31.h4 Rf8 32.Re7 Re8 33.Qe4 Rxe7 34.Qxe7 h6 35.Bf4 d3 36.Kf3 Qf5
37.Ke3 Qa5 38.Kxd3 Qxa2 39.Qxb7 Qb1+ 40.Ke2 Qe4+ 41.Be3 Qg2+ 42.Kd3 Qf1+
43.Kd2 Qg2+  1/2-1/2

[Event "IV Open"]
[Site "Lido Estensi ITA"]
[Date "2003.06.14"]
[Round "8"]
[White "Felgaer,R"]
[Black "Vassallo,M"]
[Result "1-0"]
[WhiteElo "2547"]
[BlackElo "2440"]

1.e4 d6 2.d4 g6 3.Nc3 Bg7 4.f4 a6 5.Be2 Nd7 6.Be3 b5 7.Bf3 Bb7 8.e5 Qc8 9.Qe2 Nh6
10.O-O-O Nb6 11.Bf2 O-O 12.h3 Rb8 13.g4 b4 14.Ne4 f5 15.exf6 exf6 16.d5 Qd7
17.Bxb6 cxb6 18.Qd2 f5 19.Ng5 Qa4 20.Kb1 Rfc8 21.Ne2 Rc5 22.Ne6 Ra5 23.Nc1 Bh8
24.Qd3 Rc8 25.Qb3 Qd7 26.Ne2 Rac5 27.N2d4 a5 28.Nc6 a4 29.Nxc5 bxc5 30.Qxa4 Bxb2
31.Rhe1 Kf8 32.Kxb2 Ra8 33.Qb5 Qg7+ 34.Kb1 Ba6 35.Qb6 Bc4 36.Na5 Qc3 37.Qxd6+ Kg8
38.Nxc4 Nf7 39.Qc6 Rxa2 40.Kxa2 Qxc4+ 41.Kb1 b3 42.Qe8+ Kg7 43.Qe2  1-0

[Event "5th ZNG111 GM"]
[Site "Opatija CRO"]
[Date "2003.06.14"]
[Round "8"]
[White "Fercec,N"]
[Black "Chatalbashev,B"]
[Result "1/2-1/2"]
[WhiteElo "2442"]
[BlackElo "2525"]

1.e4 g6 2.d4 Bg7 3.Nc3 d6 4.Be3 a6 5.f4 b5 6.Bd3 Bb7 7.Nf3 Nd7 8.e5 c5 9.Be4 Bxe4
10.Nxe4 Nh6 11.c3 cxd4 12.cxd4 Nb6 13.O-O Nd5 14.Bd2 O-O 15.Qb3 dxe5 16.fxe5 Rc8
17.Bg5 Rc7 18.Nc5 Nf5 19.Nxa6 Rc6 20.Qxb5 Rb6 21.Qd3 Rxb2 22.g4 Nh6 23.h3 f6
24.Bc1 Rb6 25.Nc5 fxe5  1/2-1/2

[Event "FSIM June"]
[Site "Budapest HUN"]
[Date "2003.06.15"]
[Round "9"]
[White "Pg,MOAHirawan"]
[Black "Parkanyi,A"]
[Result "0-1"]
[WhiteElo "2210"]
[BlackElo "2363"]

1.e4 g6 2.d4 Bg7 3.Nc3 d6 4.f4 a6 5.Nf3 b5 6.Be3 Bb7 7.a3 Nf6 8.Ng5 h6 9.e5 hxg5
10.exf6 exf6 11.fxg5 fxg5 12.Qd2 g4 13.O-O-O Nd7 14.Bg5 Qxg5 15.Re1+ Kf8
16.Qxg5 Bh6 17.Qxh6+ Rxh6 18.Ne4 Re8 19.Bd3 f5 20.Ng5 Rxe1+ 21.Rxe1 Bxg2
22.Ne6+ Kf7 23.Nxc7 Rxh2 24.Nxa6 g3 25.Nc7 Bf3 26.Bxb5 g2 27.Bc4+ Kf6 28.Nd5+ Kg5
29.Ne3 Rh1 30.Nxg2 Bxg2 31.Kd2 Rxe1 32.Kxe1 Kf4 33.Kf2 Be4 34.Be6 Nf6 35.c4 g5
36.b4 g4 37.c5 g3+ 38.Kg1 dxc5 39.dxc5 Ng4 40.Bc4 Ne5 41.Be2 Nf3+  0-1

[Event "LXVII ch-CRC"]
[Site "Cenfotec CRC"]
[Date "2003.06.15"]
[Round "3"]
[White "Charpentier,W"]
[Black "Cersosico,F"]
[Result "1-0"]
[WhiteElo "2210"]
[BlackElo "2134"]

1.e4 d6 2.d4 g6 3.Nc3 Bg7 4.Be2 Nc6 5.Be3 e5 6.Nf3 Bg4 7.d5 Nce7 8.h3 Bd7
9.g4 h5 10.g5 a6 11.Qd2 b5 12.O-O-O Nc8 13.Nh4 Nge7 14.f4 exf4 15.Bd4 Be5
16.Nf3 Bxd4 17.Qxd4 Rh7 18.e5 Nf5 19.Qxf4 dxe5 20.Nxe5 Ncd6 21.Nc6 Qc8 22.Bd3 Kf8
23.Rhe1 Qb7 24.Ne5 Rd8 25.Ne4 Bc8 26.Nf6 Kg7 27.Nc6 Rf8 28.Qe5 Rhh8 29.Rf1 Rhg8
30.Nxh5+ Kh7 31.Nf6+ Kg7 32.Rf4 Qb6 33.Bxf5 Nxf5 34.Nd7+  1-0

[Event "Master Open"]
[Site "Voronezh RUS"]
[Date "2003.06.17"]
[Round "5"]
[White "Eraschenkov,D"]
[Black "Zakharevich,I"]
[Result "0-1"]
[WhiteElo "2412"]
[BlackElo "2508"]

1.e4 g6 2.d4 Bg7 3.Nc3 d6 4.f4 Nf6 5.Nf3 O-O 6.Bd3 Nc6 7.O-O e5 8.dxe5 dxe5
9.f5 Nb4 10.Bg5 Nxd3 11.cxd3 gxf5 12.Kh1 Qd6 13.Qe1 h6 14.Bh4 Re8 15.exf5 Bxf5
16.Nd2 Qe6 17.Qf2 Bxd3 18.Bxf6 Bxf6 19.Qxf6 Bxf1 20.Rxf1 Qxf6 21.Rxf6 Rad8
22.Nde4 Kg7 23.h3 Rd4 24.Rf3 Re6 25.Ng3 Kg6 26.Nf5 Rd2 27.Nh4+ Kg7 28.b3 e4
29.Rg3+ Kf8 30.Nf5 Re5 31.Ne3 Rd3 32.Ne2 Rg5 33.Rxg5 Rxe3 34.Rc5 Rxe2 35.Rxc7 Rxa2
36.Rxb7 e3 37.Rb8+ Ke7  0-1

[Event "Master Open"]
[Site "Voronezh RUS"]
[Date "2003.06.18"]
[Round "6"]
[White "Ponomariov,T"]
[Black "Kornev,Alexe"]
[Result "1/2-1/2"]
[WhiteElo "2178"]
[BlackElo "2563"]

1.e4 g6 2.d4 Bg7 3.Nc3 d6 4.Nf3 Nf6 5.Be2 O-O 6.O-O Bg4 7.Be3 Nc6 8.Qd2 e5
9.d5 Ne7 10.Rad1 Bxf3 11.Bxf3 Nd7 12.Be2 f5 13.exf5 gxf5 14.Bh6 Ng6 15.Bd3 a6
16.Ne2 e4 17.Bxg7 Kxg7 18.Nd4 Qf6 19.Ne6+ Kh8 20.Nxf8 Rxf8 21.Be2 Qxb2 22.Qd4+ Qxd4
23.Rxd4 Nf4 24.Bd1 Ng6 25.f3 exf3 26.Bxf3 Kg7 27.Be2 Nde5 28.Rb1 b6 29.Bxa6 Ra8
30.Ra4 Ne7 31.Rd1 Kf6 32.Bb5 Rg8 33.Be2 N7g6  1/2-1/2

[Event "Master Open"]
[Site "Voronezh RUS"]
[Date "2003.06.19"]
[Round "7"]
[White "Slugin,S"]
[Black "Zakharevich,I"]
[Result "0-1"]
[WhiteElo "2350"]
[BlackElo "2508"]

1.e4 g6 2.d4 Bg7 3.Nc3 d6 4.g3 Nc6 5.Be3 d5 6.exd5 Nb4 7.Bg2 Nf6 8.Nge2 Bf5
9.Rc1 Nbxd5 10.Nxd5 Nxd5 11.Bd2 c6 12.c4 Nf6 13.O-O Qb6 14.b4 Rd8 15.Qb3 O-O
16.a4 Be4 17.f3 Bf5 18.Bf4 Rd7 19.a5 Qd8 20.Be5 h5 21.h3 Ne8 22.Bxg7 Nxg7
23.g4 Be6 24.Qe3 b5 25.axb6 Qxb6 26.Qc3 Rb8 27.Rb1 a6 28.Kh1 Rdb7 29.Nf4 Qc7
30.Nd3 a5 31.Rb2 axb4 32.Rxb4 Rxb4 33.Nxb4 Qa5 34.Rb1 c5 35.dxc5 Qxc5 36.Bf1 Qf2
37.c5 hxg4 38.hxg4 Bd5 39.Bg2 Ne6 40.Rb2 Qh4+ 41.Kg1 Ba8 42.c6 Rd8 43.Rb1 Qg3
44.Qe1 Qd6 45.Qc3 Nd4 46.Kf2 Bxc6 47.Rd1 Ba4 48.Rc1 Ne6 49.Rh1 Qb6+ 50.Kg3 Nd4
51.Bf1 Qf6 52.Qe3 Qd6+ 53.Qf4 Qxb4 54.Qh6 Qb8+ 55.Kg2 Qb2+ 56.Kg3 Ne6  0-1

[Event "Master Open"]
[Site "Voronezh RUS"]
[Date "2003.06.20"]
[Round "8"]
[White "Rodchenkov,V"]
[Black "Ibraev,V"]
[Result "1-0"]
[WhiteElo "2417"]
[BlackElo "2336"]

1.e4 g6 2.d4 Bg7 3.Nc3 d6 4.f4 Nf6 5.Nf3 O-O 6.e5 dxe5 7.dxe5 Nfd7 8.Bc4 Nb6
9.Qxd8 Rxd8 10.Bb3 Na6 11.Be3 h6 12.O-O c6 13.Rad1 Bg4 14.h3 Bxf3 15.Rxd8+ Rxd8
16.Rxf3 Nc8 17.Rf1 e6 18.Ne4 Bf8 19.g4 Nc7 20.c4 b6 21.Bc2 c5 22.Kf2 Bg7
23.Ke2 Ne7 24.Ba4 Ne8 25.h4 f5 26.Bxe8 Rxe8 27.Nd6 Rd8 28.g5 hxg5 29.hxg5 Nc6
30.a3 Bf8 31.Nb5 Rd7 32.Rh1 Na5 33.Rc1 Kf7 34.a4 a6 35.Na3 Nc6 36.Nc2 a5
37.Rh1 Kg8 38.Bf2 Bg7 39.Rh3 Bf8 40.Rb3  1-0

[Event "TCh-BIH"]
[Site "Jahorina BIH"]
[Date "2003.06.21"]
[Round "1"]
[White "Savic,Miod1"]
[Black "Narancic,V"]
[Result "1-0"]
[WhiteElo "2493"]
[BlackElo "2362"]

1.e4 g6 2.d4 Bg7 3.Nc3 d6 4.Be3 c6 5.Qd2 Nd7 6.f3 b5 7.a3 a6 8.Nge2 Bb7 9.Nf4 Rc8
10.Rd1 Ngf6 11.Nd3 e5 12.dxe5 dxe5 13.Qf2 Qc7 14.g3 O-O 15.Bh3 c5 16.O-O Rfe8
17.Rd2 Bf8 18.Rfd1 Rb8 19.g4 h6 20.g5 hxg5 21.Bxg5 Bc8 22.Bxd7 Nxd7 23.Nd5 Qc6
24.Qh4 Re6 25.Rg2 Bg7 26.Ne7+ Rxe7 27.Bxe7 a5 28.Nxc5 Nf8 29.Rd8 Qc7 30.Bd6 Qa7
31.Bxb8 Qxc5+ 32.Qf2 Qc6 33.Bd6  1-0

[Event "TCh-BIH"]
[Site "Jahorina BIH"]
[Date "2003.06.21"]
[Round "1"]
[White "Miljanic,B"]
[Black "Mehmedovic,M"]
[Result "1-0"]
[WhiteElo "2405"]
[BlackElo "2262"]

1.e4 g6 2.d4 Bg7 3.Nc3 d6 4.Be3 Nf6 5.Qd2 a6 6.Bh6 Bxh6 7.Qxh6 e5 8.dxe5 dxe5
9.Nf3 Qe7 10.Bc4 Nc6 11.O-O-O Be6 12.Nd5 Bxd5 13.exd5 Na5 14.Nxe5 O-O-O 15.Rhe1 Qc5
16.Qh3+ Kb8 17.Qf3 Nxc4 18.Qxf6 Nxe5 19.Rxe5 Rhf8 20.Qf3 Rd7 21.Qe3 Qxe3+
22.fxe3 f5 23.c4 b6 24.Kc2 a5 25.Kc3 Kb7 26.Rd4 Rdf7 27.d6 c5 28.Rdd5 Kc6
29.d7 Rxd7 30.Re6+ Kc7 31.Rxd7+ Kxd7 32.Rxb6 Kc7 33.Rb5 Kc6 34.Rxa5 f4 35.exf4 Rxf4
36.Ra6+ Kb7 37.Rd6 Kc7 38.Rd2 Rf1 39.b3 Ra1 40.Rf2 Kd6 41.Rd2+ Kc6 42.Kb2 Rg1
43.a3 g5 44.b4 g4 45.g3 h5 46.Kb3 Rb1+ 47.Rb2 Rc1 48.b5+ Kc7 49.Rc2 Rf1 50.Ka4 Rf3
51.Re2 Rc3 52.Re4 Kb6 53.Re6+ Kb7 54.Rh6 Rxc4+ 55.Ka5 Re4 56.Rh7+ Kc8 57.Rxh5  1-0

[Event "TCh-BIH w"]
[Site "Jahorina BIH"]
[Date "2003.06.22"]
[Round "2"]
[White "Stefanova,A"]
[Black "Petrovic,Ma"]
[Result "1-0"]
[WhiteElo "2550"]
[BlackElo "2213"]

1.d4 g6 2.e4 Bg7 3.Nc3 d6 4.Be3 a6 5.Qd2 Nd7 6.f4 b5 7.Nf3 Bb7 8.Bd3 c5 9.a4 c4
10.Be2 b4 11.Nd1 Bxe4 12.O-O a5 13.Bxc4 d5 14.Bb5 Nf6 15.Ne5 Bf5 16.c3 bxc3
17.Qxc3 Qb6 18.Nc6 Ne4 19.Qa3 Bf6 20.b4 axb4 21.Qxb4 Nd6 22.Nc3 Be6 23.a5 Qc7
24.Ne5 Nxb5 25.Nxb5 Qb8 26.Nc6 Qc8 27.Rfc1 O-O 28.Nxe7+ Bxe7 29.Qxe7 Qd8
30.Qxd8 Rfxd8 31.a6 Nb6 32.a7 Nc4 33.Nc7 Rac8 34.Rxc4 dxc4 35.a8=Q Rxa8 36.Rxa8 Rxa8
37.Nxa8 Kf8 38.Nb6 c3 39.d5 Bf5 40.Kf2 c2 41.Ke1 Be4 42.g3 Ke7 43.Bc5+ Kf6
44.Kd2 Bf5 45.d6 Be6 46.d7 Bxd7 47.Nxd7+ Kf5 48.Kxc2  1-0

[Event "TCh-BIH"]
[Site "Jahorina BIH"]
[Date "2003.06.22"]
[Round "2"]
[White "Fercec,N"]
[Black "Mehmedovic,M"]
[Result "1-0"]
[WhiteElo "2442"]
[BlackElo "2262"]

1.e4 g6 2.d4 Bg7 3.Nc3 d6 4.Bg5 c6 5.Qd2 Qa5 6.f4 Nd7 7.Nf3 Qc7 8.O-O-O b5
9.e5 d5 10.g4 Nb6 11.Rg1 b4 12.Nb1 a5 13.f5 Bd7 14.e6 fxe6 15.Bf4 Qc8 16.fxg6 Nf6
17.Bh6 Ne4 18.Bxg7 Nxd2 19.Nbxd2 Rf8 20.gxh7 Kf7 21.Be5  1-0

[Event "TCh-BIH"]
[Site "Jahorina BIH"]
[Date "2003.06.22"]
[Round "3"]
[White "Sekulic,V"]
[Black "Narancic,V"]
[Result "1/2-1/2"]
[WhiteElo "2285"]
[BlackElo "2362"]

1.e4 g6 2.d4 Bg7 3.Nc3 d6 4.Be3 c6 5.Nge2 Nd7 6.Qd2 e5 7.O-O-O Qe7 8.Kb1 Ngf6
9.f3 O-O 10.d5 c5 11.g4 Rb8 12.Ng3 Re8 13.h4 a6 14.h5 Nf8 15.Be2 b5 16.Rdg1 c4
17.Nf5 Bxf5 18.gxf5 Nxh5 19.Rxh5 gxh5 20.Bg5 Qa7 21.Be3 Qe7 22.Bg5 Qa7 23.Be3 Qe7  1/2-1/2

[Event "TCh-BIH w"]
[Site "Jahorina BIH"]
[Date "2003.06.24"]
[Round "4"]
[White "Savic,Ma"]
[Black "Petrovic,Ma"]
[Result "1/2-1/2"]
[WhiteElo "2139"]
[BlackElo "2213"]

1.e4 g6 2.d4 Bg7 3.Nc3 d6 4.Nf3 h6 5.Be3 c6 6.a4 Nf6 7.h3 O-O 8.Be2 Nbd7
9.O-O Kh7 10.a5 Ne8 11.Nh2 e5 12.dxe5 Nxe5 13.f4 Nd7 14.Bd4 Nef6 15.Ng4 Qe7
16.Nxf6+ Nxf6 17.Bf3 Bd7 18.Qd2 c5 19.Bf2 Bc6 20.a6 Rae8 21.Rfe1 Qc7 22.axb7 Bxb7
23.Rxa7 Qb6 24.Ra3 Ba8 25.Rb3 Qa6 26.Nb5 Nxe4 27.Bxe4 Rxe4 28.Rxe4 Bxe4 29.Nxd6 Bxc2
30.Ra3 Qc6 31.Qxc2 Qxd6 32.Bxc5 Qc7 33.b4 Bd4+ 34.Kh2 Rc8 35.g3 Bxc5 36.bxc5 Qxc5  1/2-1/2